Statistiques concernant Reliez le réalisateur italien à son film

Cliquez ici pour prendre le quiz!

Statistiques générales

  • Ce quiz a été pris 30 fois
  • Le résultat moyen est 7 sur 18

Statistiques - réponses

HintRéponse% Correct
Il était une fois dans l'OuestSergio Leone
92%
Le GuépardLuchino Visconti
88%
Salò ou les 120 journées de SodomePier Paolo Pasolini
76%
L'AvventuraMichelangelo Antonioni
64%
Rome, ville ouverteRoberto Rossellini
64%
Ginger et FredFederico Fellini
44%
Le FanfaronDino Risi
40%
Confession d'un commissaire de police au procureur de la républiqueDamiano Damiani
32%
Buongiorno, notteMarco Bellocchio
32%
SciusciàVittorio De Sica
28%
Le PigeonMario Monicelli
24%
Le Navire des filles perduesRaffaello Matarazzo
20%
Notre-Dame des TurcsCarmelo Bene
16%
L'EmploiErmanno Olmi
16%
Le ProfesseurValerio Zurlini
16%
Théodora, impératrice de ByzanceRiccardo Freda
12%
Les cent cavaliersVittorio Cottafavi
12%
Bandits à OrgosoloVittorio De Seta
12%

Distribution des résultats

Percentile par nombre de réponses

% des personnes avec chaque résultat

Votre développement - résultats

Vous n’avez pas pris ce quiz